[Event "LVI C.to Italiano"]
[Site "Mantova ITA"]
[Date "1996.11.23"]
[Round "1"]
[White "Arlandi, Ennio"]
[Black "Isonzo, David"]
[Result "1-0"]
[WhiteElo "2445"]
[BlackElo "2175"]
[PlyCount "37"]
[EventDate "1996.11.23"]

1. d4 Nf6 2. c4 e5 3. dxe5 Ne4 4. Nd2 Bb4 5. a3 Bxd2+ 6. Bxd2 Nxd2 7. Qxd2 Nc6
8. f4 O-O 9. Nf3 d6 10. exd6 cxd6 11. e3 Qb6 12. Kf2 Bf5 13. b4 Rfe8 14. Bd3
Bg4 15. Ng5 h6 16. Ne4 Rad8 17. Nc3 a5 18. Nd5 Qa7 19. b5 1-0

[Event "LVI C.to Italiano"]
[Site "Mantova ITA"]
[Date "1996.11.23"]
[Round "1"]
[White "Manca, Federico"]
[Black "Bellini, Fabio"]
[Result "0-1"]
[WhiteElo "2350"]
[BlackElo "2390"]
[PlyCount "46"]
[EventDate "1996.11.23"]

1. e4 e6 2. d4 d5 3. Nc3 dxe4 4. Nxe4 Nd7 5. Nf3 Ngf6 6. Neg5 h6 7. Nh3 g5 8.
Nhg1 c5 9. Bd3 g4 10. Nd2 cxd4 11. Ne2 Nc5 12. Bb5+ Bd7 13. Nxd4 Bxb5 14. Nxb5
Bg7 15. Nc4 Qxd1+ 16. Kxd1 O-O 17. Be3 Rfc8 18. Nbd6 Rc6 19. Ke2 Nd5 20. a4 Ne4
21. Nxe4 Rxc4 22. Kd3 Nxe3 23. fxe3 Rb4 0-1

[Event "LVI C.to Italiano"]
[Site "Mantova ITA"]
[Date "1996.11.23"]
[Round "1"]
[White "Mantovani, Renzo"]
[Black "Godena, Michele"]
[Result "1/2-1/2"]
[WhiteElo "2360"]
[BlackElo "2550"]
[PlyCount "26"]
[EventDate "1996.11.23"]

1. Nf3 Nf6 2. d4 b6 3. Bg5 Ne4 4. Bf4 Bb7 5. Nbd2 e6 6. e3 Nxd2 7. Qxd2 d6 8.
Bd3 Nd7 9. e4 Be7 10. O-O O-O 11. Rfe1 c5 12. c3 Qc7 13. Rad1 cxd4 1/2-1/2

[Event "LVI C.to Italiano"]
[Site "Mantova ITA"]
[Date "1996.11.23"]
[Round "1"]
[White "Sarno, Spartaco"]
[Black "Borgo, Giulio"]
[Result "1-0"]
[WhiteElo "2410"]
[BlackElo "2375"]
[PlyCount "79"]
[EventDate "1996.11.23"]

1. Nf3 Nf6 2. g3 c5 3. Bg2 d5 4. O-O Nc6 5. d3 g6 6. Nbd2 Bg7 7. e4 O-O 8. c3
dxe4 9. dxe4 Nd7 10. Nc4 Nb6 11. Ne3 Qxd1 12. Rxd1 Bd7 13. Nd5 Rfd8 14. Bf4 Na4
15. Rd2 e6 16. Nc7 Rac8 17. Rad1 Nb6 18. Nb5 e5 19. Be3 Nd4 20. cxd4 cxd4 21.
Bg5 f6 22. Nd6 Rc7 23. Bh4 Bc6 24. Nxe5 Rxd6 25. Nxc6 Rcxc6 26. f4 Rc5 27. g4
Nc4 28. Rxd4 Rxd4 29. Rxd4 Ne3 30. Rd8+ Kf7 31. Bf3 g5 32. Rd7+ Kf8 33. Bg3 Rc2
34. Rxb7 a5 35. fxg5 fxg5 36. Bd6+ Kg8 37. e5 Rc4 38. Rb3 Rc1+ 39. Kf2 Nd1+ 40.
Ke2 1-0

[Event "LVI C.to Italiano"]
[Site "Mantova ITA"]
[Date "1996.11.24"]
[Round "2"]
[White "Bellini, Fabio"]
[Black "Arlandi, Ennio"]
[Result "1/2-1/2"]
[WhiteElo "2390"]
[BlackElo "2445"]
[PlyCount "82"]
[EventDate "1996.11.23"]

1. e4 c6 2. d4 d5 3. Nd2 dxe4 4. Nxe4 Nd7 5. Nf3 Ngf6 6. Nxf6+ Nxf6 7. Bc4 Bf5
8. Qe2 e6 9. Bg5 Be7 10. O-O-O Bg4 11. h3 Bxf3 12. Qxf3 Nd5 13. Bxe7 Qxe7 14.
Rhe1 O-O-O 15. Re5 Rd7 16. Bb3 Rhd8 17. Kb1 Qf6 18. Bxd5 Rxd5 19. Rxd5 Rxd5 20.
Qxf6 gxf6 21. Rd3 h5 22. h4 Rd8 23. Kc1 Rg8 24. g3 f5 25. Rf3 Kc7 26. Kd2 Kd6
27. Rb3 b6 28. c4 Rg4 29. f4 c5 30. dxc5+ Kxc5 31. Rc3 Rg8 32. a3 a5 33. b3
Rd8+ 34. Rd3 Rd4 35. Kc3 Re4 36. b4+ axb4+ 37. axb4+ Kc6 38. Rd8 Re3+ 39. Rd3
Re1 40. Rd8 Rc1+ 41. Kb3 Rb1+ 1/2-1/2

[Event "LVI C.to Italiano"]
[Site "Mantova ITA"]
[Date "1996.11.24"]
[Round "2"]
[White "Borgo, Giulio"]
[Black "Isonzo, David"]
[Result "1-0"]
[WhiteElo "2375"]
[BlackElo "2175"]
[PlyCount "62"]
[EventDate "1996.11.23"]

1. e4 c5 2. Nf3 d6 3. c3 Nf6 4. Be2 Nc6 5. d4 cxd4 6. cxd4 g6 7. O-O Bg7 8. d5
Nb8 9. Nc3 O-O 10. Nd4 Nbd7 11. Be3 Nc5 12. f3 a5 13. b3 Nfd7 14. Qd2 f5 15.
exf5 gxf5 16. Rfe1 Ne5 17. Rad1 Rf6 18. Bg5 Rg6 19. f4 Nf7 20. Bh5 Nxg5 21.
Bxg6 Nge4 22. Nxe4 Nxe4 23. Rxe4 fxe4 24. Bxe4 Bg4 25. Nf3 Qb6+ 26. Kh1 Rc8 27.
Qe2 Qb4 28. Bxh7+ Kh8 29. Be4 a4 30. h3 Bxf3 31. Qxf3 axb3 1-0

[Event "LVI C.to Italiano"]
[Site "Mantova ITA"]
[Date "1996.11.24"]
[Round "2"]
[White "Godena, Michele"]
[Black "Manca, Federico"]
[Result "1/2-1/2"]
[WhiteElo "2550"]
[BlackElo "2350"]
[PlyCount "45"]
[EventDate "1996.11.23"]

1. e4 d6 2. d4 Nf6 3. Bd3 g6 4. Nf3 Bg7 5. O-O O-O 6. c3 Nc6 7. h3 e5 8. Re1
Nh5 9. Bg5 Qe8 10. Be3 Kh8 11. dxe5 Nxe5 12. Be2 Nf6 13. Nbd2 b6 14. a4 Bb7 15.
Qc2 a6 16. Nxe5 Qxe5 17. Bf3 Nd7 18. Bd4 Qe7 19. Bxg7+ Kxg7 20. a5 b5 21. g3 c5
22. Bg2 c4 23. b3 1/2-1/2

[Event "LVI C.to Italiano"]
[Site "Mantova ITA"]
[Date "1996.11.24"]
[Round "2"]
[White "Sarno, Spartaco"]
[Black "Belotti, Bruno"]
[Result "0-1"]
[WhiteElo "2410"]
[BlackElo "2400"]
[PlyCount "80"]
[EventDate "1996.11.23"]

1. c4 g6 2. g3 Bg7 3. Bg2 c5 4. e3 Nc6 5. Ne2 Nf6 6. Nbc3 d6 7. O-O O-O 8. d4
Bd7 9. b3 a6 10. Bb2 Rb8 11. Qd2 b5 12. cxb5 axb5 13. dxc5 dxc5 14. Rfd1 Qc8
15. Nd5 Bg4 16. Bxf6 Bxf6 17. Nxf6+ exf6 18. f3 Be6 19. Qc3 Ne5 20. f4 b4 21.
Qd2 Nd7 22. Rac1 Qa6 23. Rc2 Rfd8 24. h3 Qa5 25. Qc1 Nf8 26. Rxd8 Rxd8 27. g4
f5 28. g5 Rd3 29. Bf1 Rd7 30. Ng3 Bd5 31. Be2 Ne6 32. Rd2 Qc7 33. Kf2 Nxf4 34.
Bf1 Ne6 35. Qd1 f4 36. Rxd5 fxe3+ 37. Kf3 Qf4+ 38. Kg2 Qf2+ 39. Kh1 Rxd5 40.
Qxd5 Qxg3 0-1

[Event "LVI C.to Italiano"]
[Site "Mantova ITA"]
[Date "1996.11.25"]
[Round "3"]
[White "Arlandi, Ennio"]
[Black "Godena, Michele"]
[Result "1/2-1/2"]
[WhiteElo "2445"]
[BlackElo "2550"]
[PlyCount "54"]
[EventDate "1996.11.23"]

1. d4 d5 2. c4 c6 3. Nc3 Nf6 4. e3 a6 5. Nf3 Bg4 6. Qb3 Ra7 7. Ne5 Be6 8. cxd5
Bxd5 9. Nxd5 cxd5 10. Bd2 e6 11. Qa4+ Nbd7 12. Rc1 Bd6 13. Bb4 b5 14. Qa3 Rc7
15. Nc6 Qc8 16. Bxd6 Rxc6 17. Rxc6 Qxc6 18. Bd3 a5 19. Kd2 b4 20. Bxb4 axb4 21.
Qxb4 Ne4+ 22. Bxe4 dxe4 23. Rc1 Qa6 24. Rc3 f5 25. Ra3 Qf1 26. Ra8+ Kf7 27.
Rxh8 Qd3+ 1/2-1/2

[Event "LVI C.to Italiano"]
[Site "Mantova ITA"]
[Date "1996.11.25"]
[Round "3"]
[White "Belotti, Bruno"]
[Black "Borgo, Giulio"]
[Result "1-0"]
[WhiteElo "2400"]
[BlackElo "2375"]
[PlyCount "45"]
[EventDate "1996.11.23"]

1. e4 c5 2. Nf3 Nc6 3. d4 cxd4 4. Nxd4 Qb6 5. Nb3 Nf6 6. Nc3 e6 7. Bd3 a6 8.
O-O d6 9. Kh1 Be7 10. f4 Qc7 11. Qf3 Nb4 12. f5 O-O 13. Bg5 Bd7 14. Qh3 Nxd3
15. cxd3 Qd8 16. Rf4 Ne8 17. Bxe7 Qxe7 18. Raf1 Nf6 19. Rh4 g6 20. Qe3 b5 21.
Qh6 b4 22. e5 dxe5 23. Ne4 1-0

[Event "LVI C.to Italiano"]
[Site "Mantova ITA"]
[Date "1996.11.25"]
[Round "3"]
[White "Isonzo, David"]
[Black "Bellini, Fabio"]
[Result "1/2-1/2"]
[WhiteElo "2175"]
[BlackElo "2390"]
[PlyCount "125"]
[EventDate "1996.11.23"]

1. d4 d5 2. Nf3 Nf6 3. Bg5 Ne4 4. Bf4 c5 5. e3 Qb6 6. Qc1 Nc6 7. c3 Bf5 8. Nbd2
h6 9. h3 Rc8 10. Be2 e6 11. O-O Be7 12. Nxe4 Bxe4 13. Qd2 O-O 14. Ne5 Rfd8 15.
Bh5 Nxe5 16. Bxe5 Bd6 17. Bxd6 Rxd6 18. Be2 Re8 19. f3 Bg6 20. f4 Rc8 21. Rf2
Qc6 22. Raf1 b5 23. Bd3 cxd4 24. exd4 Bxd3 25. Qxd3 Qc4 26. Qxc4 bxc4 27. Re2
Rb8 28. Rff2 Rbb6 29. Kf1 g5 30. fxg5 hxg5 31. g4 Kg7 32. Kg2 a5 33. Kg3 Rd8
34. Rh2 Rd7 35. Re5 f6 36. Re3 a4 37. a3 Rd8 38. Rf2 Kg6 39. Ree2 Rdb8 40. h4
gxh4+ 41. Kxh4 Rh8+ 42. Kg3 Kg5 43. Rf1 Rhb8 44. Rff2 Rh8 45. Rf1 Rh4 46. Rf4
Rh1 47. Rff2 Rg1+ 48. Rg2 Rh1 49. Rh2 Rg1+ 50. Rhg2 Rxg2+ 51. Rxg2 Rb8 52. Rh2
Rb7 53. Kf3 Rb3 54. Re2 Rb6 55. Rh2 Rb7 56. Re2 Rb6 57. Rh2 f5 58. Rh5+ Kg6 59.
Rh2 Kg5 60. Rh5+ Kg6 61. Rh2 Rb7 62. Re2 Kg5 63. Rg2 1/2-1/2

[Event "LVI C.to Italiano"]
[Site "Mantova ITA"]
[Date "1996.11.25"]
[Round "3"]
[White "Manca, Federico"]
[Black "Tatai, Stefano"]
[Result "1-0"]
[WhiteElo "2350"]
[BlackElo "2375"]
[PlyCount "115"]
[EventDate "1996.11.23"]

1. e4 c5 2. c3 d6 3. d4 Nf6 4. Bd3 cxd4 5. cxd4 g6 6. Nf3 Bg7 7. h3 O-O 8. Nc3
Nc6 9. O-O e5 10. dxe5 dxe5 11. Be3 Nh5 12. Nd5 Be6 13. Ng5 Bxd5 14. exd5 Nd4
15. Nxh7 Re8 16. Ng5 Nf4 17. Bxf4 exf4 18. Qg4 Qxd5 19. Rac1 Ne6 20. Nxe6 Qxe6
21. Rc7 Qxg4 22. hxg4 Bxb2 23. Bc4 Rec8 24. Bxf7+ Kg7 25. Rxb7 Rcb8 26. Rd7 Rd8
27. Rfd1 Rxd7 28. Rxd7 Kf6 29. Bb3 a5 30. Rd6+ Kg5 31. Rd5+ Kf6 32. g5+ Ke7 33.
Bc2 Ra6 34. Kh2 Bc3 35. g3 fxg3+ 36. Kxg3 a4 37. f4 a3 38. Rc5 Bd2 39. Rd5 Bc3
40. Kg4 Rb6 41. Rd3 Bb2 42. Re3+ Kf8 43. Re4 Rc6 44. Ba4 Rd6 45. Rc4 Kf7 46.
Rc7+ Kf8 47. Bb3 Ke8 48. Bf7+ Kf8 49. Kf3 Rd3+ 50. Ke4 Rd4+ 51. Ke3 Rd6 52. Bc4
Ke8 53. Rb7 Kf8 54. Bb3 Ke8 55. f5 Bc1+ 56. Ke4 gxf5+ 57. Kxf5 Bb2 58. g6 1-0

[Event "LVI C.to Italiano"]
[Site "Mantova ITA"]
[Date "1996.11.25"]
[Round "3"]
[White "Mantovani, Renzo"]
[Black "Sarno, Spartaco"]
[Result "1/2-1/2"]
[WhiteElo "2360"]
[BlackElo "2410"]
[PlyCount "79"]
[EventDate "1996.11.23"]

1. Nf3 d6 2. d4 g6 3. c3 Bg7 4. Bf4 f5 5. e3 Nf6 6. Be2 O-O 7. Nbd2 Qe8 8. h3
Nc6 9. Bh2 Kh8 10. Qc2 Bd7 11. O-O Nd8 12. Rfe1 Rc8 13. e4 fxe4 14. Nxe4 c5 15.
Nxf6 Rxf6 16. d5 Qf8 17. Bg3 e5 18. Ng5 Qe7 19. Ne4 Rf8 20. Bg4 Bf5 21. Qe2 Nf7
22. Kh2 Rce8 23. b4 cxb4 24. cxb4 Nh6 25. Rac1 Nxg4+ 26. hxg4 Bxe4 27. Qxe4 Bh6
28. Rc4 Bf4 29. Bxf4 Rxf4 30. Qxf4 exf4 31. Rxe7 Rxe7 32. Rxf4 Kg7 33. Kg3 Re2
34. Rc4 Rxa2 35. g5 Rd2 36. Rc7+ Kg8 37. Rc8+ Kg7 38. Rc7+ Kg8 39. Rxb7 Rxd5
40. f4 1/2-1/2

[Event "LVI C.to Italiano"]
[Site "Mantova ITA"]
[Date "1996.11.26"]
[Round "4"]
[White "Belotti, Bruno"]
[Black "Mantovani, Renzo"]
[Result "1/2-1/2"]
[WhiteElo "2400"]
[BlackElo "2360"]
[PlyCount "21"]
[EventDate "1996.11.23"]

1. e4 e6 2. d4 d5 3. Nd2 dxe4 4. Nxe4 Nd7 5. Nf3 Ngf6 6. Nxf6+ Nxf6 7. Bg5 h6
8. Bf4 Bd6 9. Qd2 Bxf4 10. Qxf4 Qd6 11. Qxd6 1/2-1/2

[Event "LVI C.to Italiano"]
[Site "Mantova ITA"]
[Date "1996.11.26"]
[Round "4"]
[White "Borgo, Giulio"]
[Black "Bellini, Fabio"]
[Result "0-1"]
[WhiteElo "2375"]
[BlackElo "2390"]
[PlyCount "70"]
[EventDate "1996.11.23"]

1. e4 e6 2. d4 d5 3. Nc3 dxe4 4. Nxe4 Nd7 5. Bd3 Ngf6 6. Qe2 c5 7. Nxf6+ Nxf6
8. dxc5 Bxc5 9. Nf3 Qc7 10. Bd2 Bd7 11. O-O-O Bc6 12. Ne5 Bd4 13. f4 O-O 14.
Kb1 Rfd8 15. Rhe1 a6 16. g4 Ba4 17. g5 Rac8 18. Rc1 Nd5 19. c3 Bxe5 20. fxe5
Qd7 21. Be4 Ne7 22. Be3 Bc6 23. Bc2 Bb5 24. Qf2 Bd3 25. Bb6 Bxc2+ 26. Rxc2 Re8
27. Bc5 Nf5 28. Rd2 Qb5 29. Bd6 Rxc3 30. h4 Rd3 31. Red1 Rxd2 32. Rxd2 Rc8 33.
a3 g6 34. Qf3 Rc6 35. h5 Qc4 0-1

[Event "LVI C.to Italiano"]
[Site "Mantova ITA"]
[Date "1996.11.26"]
[Round "4"]
[White "Godena, Michele"]
[Black "Isonzo, David"]
[Result "1-0"]
[WhiteElo "2550"]
[BlackElo "2175"]
[PlyCount "77"]
[EventDate "1996.11.23"]

1. e4 c5 2. c3 Nf6 3. e5 Nd5 4. Nf3 Nc6 5. d4 cxd4 6. cxd4 d6 7. Bc4 Nb6 8. Bb5
Bd7 9. exd6 e6 10. Bg5 Qb8 11. Nc3 Bxd6 12. O-O O-O 13. Re1 Nb4 14. Bxd7 Nxd7
15. a3 Nc6 16. d5 exd5 17. Qxd5 Nde5 18. Nh4 Ng6 19. Nxg6 hxg6 20. h3 Bf4 21.
Ne4 Bxg5 22. Nxg5 Qd8 23. Qc5 Rc8 24. Rad1 Qf6 25. Rd6 Qf5 26. Qxf5 gxf5 27.
Rd7 f6 28. Nf3 Rf7 29. Red1 Rc7 30. R7d6 g6 31. h4 f4 32. Nd4 Rfd7 33. Nxc6
Rxd6 34. Rxd6 Rxc6 35. Rd8+ Kg7 36. Rd7+ Kh6 37. Rxb7 Ra6 38. f3 Kh5 39. Rh7#
1-0

[Event "LVI C.to Italiano"]
[Site "Mantova ITA"]
[Date "1996.11.26"]
[Round "4"]
[White "Sarno, Spartaco"]
[Black "Manca, Federico"]
[Result "1-0"]
[WhiteElo "2410"]
[BlackElo "2350"]
[PlyCount "89"]
[EventDate "1996.11.23"]

1. c4 e5 2. Nc3 Nf6 3. Nf3 Nc6 4. g3 g6 5. Bg2 Bg7 6. O-O d6 7. d3 O-O 8. Rb1
a5 9. a3 Nh5 10. b4 axb4 11. axb4 f5 12. b5 Ne7 13. Qb3 Kh8 14. Bb2 f4 15. Ra1
Rxa1 16. Rxa1 Bg4 17. Ra7 Nf5 18. Ne4 b6 19. Qa2 h6 20. Qa6 Nd4 21. Bxd4 Bc8
22. Qa2 exd4 23. Ra8 Qd7 24. Rb8 g5 25. Qa8 Kh7 26. Qd5 Qf5 27. Qxf5+ Bxf5 28.
Rxf8 Bxf8 29. Nxd4 Bd7 30. Nc6 Bg7 31. Nb8 Bf5 32. Na6 Bd4 33. Nxc7 Bxe4 34.
Bxe4+ Kh8 35. Ne6 Bf6 36. e3 Ng7 37. Nf8 Kg8 38. Nd7 Bd8 39. Bd5+ Kh8 40. Kg2
Nh5 41. Kf3 fxe3 42. fxe3 Nf6 43. Nxf6 Bxf6 44. d4 Kg7 45. Kg4 1-0

[Event "LVI C.to Italiano"]
[Site "Mantova ITA"]
[Date "1996.11.26"]
[Round "4"]
[White "Tatai, Stefano"]
[Black "Arlandi, Ennio"]
[Result "1/2-1/2"]
[WhiteElo "2375"]
[BlackElo "2445"]
[PlyCount "80"]
[EventDate "1996.11.23"]

1. e4 c6 2. Nc3 d5 3. Nf3 Bg4 4. h3 Bxf3 5. Qxf3 e6 6. Be2 Nd7 7. d4 dxe4 8.
Nxe4 Ngf6 9. O-O Nxe4 10. Qxe4 Bd6 11. c4 O-O 12. Rd1 Re8 13. Be3 Qe7 14. Qd3
h6 15. Bf3 Rad8 16. Qb3 Nf6 17. g3 Bb8 18. Kg2 Rd7 19. Rd2 Red8 20. Rad1 a6 21.
Qc2 e5 22. dxe5 Bxe5 23. b3 Rxd2 24. Rxd2 Rxd2 25. Qxd2 Bd6 26. Qd4 Nd7 27. Qe4
Qxe4 28. Bxe4 Kf8 29. f4 Ke7 30. Bd4 g6 31. Bc3 f5 32. Bf3 h5 33. Bd2 Nc5 34.
b4 Ne6 35. c5 Bc7 36. Be2 h4 37. Bc4 hxg3 38. Kxg3 Bb8 39. Be3 Bc7 40. Kf3 Kf6
1/2-1/2

[Event "LVI C.to Italiano"]
[Site "Mantova ITA"]
[Date "1996.11.27"]
[Round "5"]
[White "Manca, Federico"]
[Black "Belotti, Bruno"]
[Result "0-1"]
[WhiteElo "2350"]
[BlackElo "2400"]
[PlyCount "70"]
[EventDate "1996.11.23"]

1. e4 e5 2. Nf3 Nc6 3. Bb5 a6 4. Bxc6 dxc6 5. O-O Qd6 6. Na3 b5 7. Qe2 c5 8.
Rd1 Ne7 9. c3 Bg4 10. h3 Bxf3 11. Qxf3 Rd8 12. Nc2 Nc6 13. a4 b4 14. d3 Qe6 15.
Ne3 Na5 16. Nd5 Bd6 17. d4 cxd4 18. cxb4 c6 19. Bg5 Rb8 20. Ne3 Bxb4 21. Nf5
Bf8 22. Qg3 Rb3 23. Rd3 c5 24. f4 h6 25. Bh4 g6 26. fxe5 gxf5 27. exf5 Qd5 28.
e6 Bd6 29. exf7+ Kd7 30. Qg7 Rf8 31. Rxb3 Nxb3 32. Re1 Qxf7 33. Qg4 Qxf5 34.
Qe2 d3 35. Qd1 Qf4 0-1

[Event "LVI C.to Italiano"]
[Site "Mantova ITA"]
[Date "1996.11.27"]
[Round "5"]
[White "Mantovani, Renzo"]
[Black "Borgo, Giulio"]
[Result "1-0"]
[WhiteElo "2360"]
[BlackElo "2375"]
[PlyCount "99"]
[EventDate "1996.11.23"]

1. Nf3 c5 2. b3 b6 3. Bb2 Bb7 4. e3 e6 5. Be2 Nf6 6. O-O Be7 7. d4 O-O 8. c4 d6
9. Nbd2 Nbd7 10. Qc2 Qc7 11. Rac1 h6 12. Rfd1 Rac8 13. Qb1 Qb8 14. Qa1 Rfe8 15.
Ne1 Bf8 16. Bf3 cxd4 17. Bxd4 e5 18. Bxb7 Qxb7 19. Bb2 e4 20. Nf1 Ne5 21. Ng3
Qd7 22. Bxe5 Rxe5 23. Qxe5 dxe5 24. Rxd7 Nxd7 25. Nxe4 f5 26. Rd1 fxe4 27. Rxd7
b5 28. Kf1 bxc4 29. bxc4 a5 30. Rd5 Bb4 31. a3 Bc3 32. c5 Kf7 33. f3 exf3 34.
gxf3 Ke6 35. e4 Bxe1 36. Kxe1 a4 37. Kd2 Rb8 38. Rd6+ Ke7 39. Rb6 Rc8 40. Rb7+
Kf6 41. Rb5 Kg5 42. Ke3 g6 43. Kd3 Rd8+ 44. Kc4 Rd4+ 45. Kc3 Rd1 46. Kb4 Kf4
47. c6 Kxf3 48. c7 Rb1+ 49. Kc5 Rc1+ 50. Kd6 1-0

[Event "LVI C.to Italiano"]
[Site "Mantova ITA"]
[Date "1996.11.28"]
[Round "6"]
[White "Mantovani, Renzo"]
[Black "Manca, Federico"]
[Result "1/2-1/2"]
[WhiteElo "2360"]
[BlackElo "2350"]
[PlyCount "29"]
[EventDate "1996.11.23"]

1. d4 Nf6 2. Nf3 g6 3. Bg5 Bg7 4. Nbd2 d6 5. e4 O-O 6. c3 Nbd7 7. Bc4 e5 8.
dxe5 dxe5 9. O-O c6 10. Re1 Qc7 11. h3 b5 12. Bf1 Bb7 13. a4 a6 14. Qc2 Nc5 15.
axb5 1/2-1/2

[Event "LVI C.to Italiano"]
[Site "Mantova ITA"]
[Date "1996.11.28"]
[Round "6"]
[White "Sarno, Spartaco"]
[Black "Isonzo, David"]
[Result "1-0"]
[WhiteElo "2410"]
[BlackElo "2175"]
[PlyCount "35"]
[EventDate "1996.11.23"]

1. c4 e5 2. Nc3 Nc6 3. g3 f5 4. Bg2 Nf6 5. d3 Bc5 6. e3 O-O 7. Nge2 f4 8. d4
Bb6 9. c5 fxe3 10. cxb6 exf2+ 11. Kxf2 Ng4+ 12. Kg1 Nf2 13. Qb3+ Kh8 14. bxc7
Qf6 15. Be3 exd4 16. Nd5 Qe5 17. Bxf2 Qxe2 18. Nf4 1-0

[Event "LVI C.to Italiano"]
[Site "Mantova ITA"]
[Date "1996.11.28"]
[Round "6"]
[White "Tatai, Stefano"]
[Black "Bellini, Fabio"]
[Result "1/2-1/2"]
[WhiteElo "2375"]
[BlackElo "2390"]
[PlyCount "102"]
[EventDate "1996.11.23"]

1. d4 Nf6 2. c4 e6 3. Nc3 d5 4. Bg5 Nbd7 5. e3 c6 6. Nf3 Qa5 7. Bxf6 Nxf6 8.
Nd2 Bd6 9. c5 Bf8 10. f4 g6 11. Be2 Bg7 12. g4 Qd8 13. g5 Nd7 14. h4 h6 15. Kf2
b6 16. cxb6 c5 17. Nf3 hxg5 18. hxg5 Rxh1 19. Qxh1 cxd4 20. exd4 Qxb6 21. Rd1
Ba6 22. Bxa6 Qxa6 23. Qh7 Kf8 24. Nh2 Rb8 25. Rd2 Rb4 26. Ne2 Qb6 27. Ng4 Rxb2
28. Rxb2 Bxd4+ 29. Kf3 Qxb2 30. Nh6 Bg7 31. Qg8+ Ke7 32. Qxf7+ Kd6 33. Qxg6
Bxh6 34. Qxh6 d4 35. Qg7 Qxa2 36. Nxd4 Qd5+ 37. Kg3 e5 38. Qg6+ Kc5 39. Ne6+
Kb4 40. Qb1+ Kc3 41. Qc1+ Kb3 42. Qe3+ Kc4 43. f5 e4 44. Kf4 Qd6+ 45. Kg4 Qd3
46. Qxa7 Qe2+ 47. Kh3 Qf3+ 48. Kh2 Qe2+ 49. Kg1 Qg4+ 50. Kf1 Qd1+ 51. Kf2 Qf3+
1/2-1/2

[Event "LVI C.to Italiano"]
[Site "Mantova ITA"]
[Date "1996.11.29"]
[Round "7"]
[White "Arlandi, Ennio"]
[Black "Mantovani, Renzo"]
[Result "0-1"]
[WhiteElo "2445"]
[BlackElo "2360"]
[PlyCount "94"]
[EventDate "1996.11.23"]

1. d4 Nf6 2. c4 e6 3. Nc3 Bb4 4. Qc2 O-O 5. a3 Bxc3+ 6. Qxc3 b6 7. Bg5 Ba6 8.
e3 d6 9. Nf3 Nbd7 10. Bd3 c5 11. O-O Rc8 12. b3 h6 13. Bh4 Qe7 14. Qb2 Bb7 15.
Nd2 g5 16. Bg3 Nh5 17. f3 Nxg3 18. hxg3 f5 19. Rad1 Qg7 20. Rfe1 h5 21. Qa1 h4
22. Nf1 g4 23. f4 h3 24. gxh3 gxh3 25. Rd2 Bg2 26. dxc5 Nxc5 27. Qxg7+ Kxg7 28.
Bc2 Rfd8 29. Kh2 Kf6 30. g4 fxg4 31. Ng3 d5 32. cxd5 Rxd5 33. Rxd5 exd5 34. Bf5
Rg8 35. Bh7 Re8 36. b4 Ne4 37. Nh5+ Kf7 38. f5 Rh8 39. Bg6+ Ke7 40. Rc1 Rxh5
41. Bxh5 g3+ 42. Kg1 Kf6 43. Rc2 Nf2 44. Rxf2 gxf2+ 45. Kxf2 Kxf5 46. Be8 Ke4
47. a4 Kd3 0-1

[Event "LVI C.to Italiano"]
[Site "Mantova ITA"]
[Date "1996.11.29"]
[Round "7"]
[White "Bellini, Fabio"]
[Black "Sarno, Spartaco"]
[Result "1/2-1/2"]
[WhiteElo "2390"]
[BlackElo "2410"]
[PlyCount "86"]
[EventDate "1996.11.23"]

1. e4 d6 2. d4 Nf6 3. Nc3 g6 4. Nf3 Bg7 5. Be2 O-O 6. O-O Bg4 7. Bg5 h6 8. Be3
Nc6 9. Qc1 Kh7 10. Rd1 Qc8 11. h3 Bxf3 12. Bxf3 e5 13. dxe5 dxe5 14. Be2 Nd8
15. a4 Ne6 16. Qb1 c6 17. Qa2 Qc7 18. a5 Nd4 19. Bxd4 exd4 20. Rxd4 Ng4 21. e5
Nxe5 22. Rad1 Rad8 23. Rxd8 Rxd8 24. f4 Rxd1+ 25. Nxd1 Nd7 26. Qxf7 Qd6 27. Bd3
Nc5 28. Nf2 Qf6 29. Qe8 Nxd3 30. Nxd3 Qd4+ 31. Kh2 Qc4 32. Qd7 Qxc2 33. f5 gxf5
34. Qxf5+ Kh8 35. b4 Qc3 36. Nf4 Qe5 37. Qg4 Kh7 38. h4 Qe4 39. Kh3 b6 40. axb6
axb6 41. Ne6 Qxg4+ 42. Kxg4 Bf6 43. Nf8+ Kg7 1/2-1/2

[Event "LVI C.to Italiano"]
[Site "Mantova ITA"]
[Date "1996.11.29"]
[Round "7"]
[White "Godena, Michele"]
[Black "Tatai, Stefano"]
[Result "1/2-1/2"]
[WhiteElo "2550"]
[BlackElo "2375"]
[PlyCount "160"]
[EventDate "1996.11.23"]

1. e4 e5 2. Nf3 Nc6 3. Nc3 Nf6 4. Bb5 Bb4 5. O-O O-O 6. d3 Bxc3 7. bxc3 d6 8.
Bg5 h6 9. Bh4 Qe7 10. Re1 Nd8 11. d4 Bg4 12. h3 Bxf3 13. Qxf3 Ne6 14. Bc4 Nf4
15. a4 a5 16. Rab1 b6 17. Qe3 Ng6 18. Bg3 Nh5 19. Bh2 Nhf4 20. Kh1 Qg5 21. Bf1
Ne6 22. Qxg5 hxg5 23. Red1 Rfe8 24. f3 f6 25. Bg1 Kf8 26. Be3 Ke7 27. Kg1 Rh8
28. Kf2 Rab8 29. Bc4 Ngf4 30. Rh1 Ng6 31. Bf1 Rhc8 32. Ba6 Rh8 33. Bf1 Rhc8 34.
Bc4 Rh8 35. Ra1 Rhc8 36. Ba6 Rh8 37. Bc4 Rhc8 38. Rad1 Rh8 39. Rde1 Rbd8 40.
Rd1 Rb8 41. g3 Rh7 42. Kg2 Rbh8 43. Rdf1 Kd7 44. Bb5+ Ke7 45. Bc4 Rb8 46. Rb1
Rhh8 47. Kf2 Rh7 48. Rbg1 Rbh8 49. Kg2 Rb8 50. Rd1 Rd8 51. Rh2 Rb8 52. Rb1 Kd7
53. Bb5+ Ke7 54. Bc4 Kd7 55. Rbh1 Rbh8 56. Bb5+ Ke7 57. Bc4 Kd7 58. Kf2 Ke7 59.
Kg2 Kd7 60. Kf1 Ke7 61. Ke2 Kd7 62. Bb5+ Ke7 63. Bc4 Rc8 64. Kd2 Rch8 65. Kd1
Kd7 66. Bb5+ Ke7 67. Bc4 Kd7 68. Bb3 Ke7 69. Kc1 Rb8 70. Bd2 Rbh8 71. Kd1 Kd7
72. Ke2 Ke7 73. Ke1 Kd7 74. Ba2 Ke7 75. Ke2 Kd7 76. Ke1 Ke7 77. Kf1 Kd7 78. Kf2
Ke7 79. Bd5 Kd7 80. Bb3 Ke7 1/2-1/2

[Event "LVI C.to Italiano"]
[Site "Mantova ITA"]
[Date "1996.11.29"]
[Round "7"]
[White "Isonzo, David"]
[Black "Belotti, Bruno"]
[Result "0-1"]
[WhiteElo "2175"]
[BlackElo "2400"]
[PlyCount "54"]
[EventDate "1996.11.23"]

1. d4 d6 2. e4 Nf6 3. Nc3 g6 4. Bc4 Bg7 5. Qe2 Nc6 6. e5 Ng4 7. e6 Nxd4 8. Qxg4
Nxc2+ 9. Kf1 Nxa1 10. exf7+ Kf8 11. Qh4 d5 12. Bxd5 c6 13. Bh6 Nc2 14. Be4 Nd4
15. g4 Be6 16. Nh3 Bxf7 17. Kg2 e5 18. Ng5 Kg8 19. Rd1 Qf6 20. Rd3 Bc4 21. b3
Bxd3 22. Bxd3 b5 23. Nce4 Qf8 24. Bxg7 Kxg7 25. Ng3 Qf6 26. N3e4 Qe7 27. Ng3
Rae8 0-1

[Event "LVI C.to Italiano"]
[Site "Mantova ITA"]
[Date "1996.11.29"]
[Round "7"]
[White "Manca, Federico"]
[Black "Borgo, Giulio"]
[Result "1/2-1/2"]
[WhiteElo "2350"]
[BlackElo "2375"]
[PlyCount "23"]
[EventDate "1996.11.23"]

1. e4 c5 2. c3 d5 3. exd5 Qxd5 4. d4 Nf6 5. Nf3 Bg4 6. Be2 e6 7. h3 Bh5 8. O-O
Nc6 9. Be3 cxd4 10. cxd4 Bd6 11. Nc3 Qa5 12. Qb3 1/2-1/2

[Event "LVI C.to Italiano"]
[Site "Mantova ITA"]
[Date "1996.11.30"]
[Round "8"]
[White "Belotti, Bruno"]
[Black "Bellini, Fabio"]
[Result "1/2-1/2"]
[WhiteElo "2400"]
[BlackElo "2390"]
[PlyCount "28"]
[EventDate "1996.11.23"]

1. e4 e6 2. d3 c5 3. Nf3 Nc6 4. g3 g6 5. Bg2 Bg7 6. O-O Nge7 7. c3 O-O 8. Re1
b6 9. a4 Bb7 10. Na3 d6 11. Nc4 d5 12. exd5 exd5 13. Nce5 Nxe5 14. Nxe5 Nc6
1/2-1/2

[Event "LVI C.to Italiano"]
[Site "Mantova ITA"]
[Date "1996.11.30"]
[Round "8"]
[White "Borgo, Giulio"]
[Black "Tatai, Stefano"]
[Result "0-1"]
[WhiteElo "2375"]
[BlackElo "2375"]
[PlyCount "73"]
[EventDate "1996.11.23"]

1. e4 e5 2. Nf3 Nc6 3. Bb5 a6 4. Ba4 Nf6 5. O-O Be7 6. Bxc6 dxc6 7. d3 Nd7 8.
Nbd2 O-O 9. b3 c5 10. Bb2 Bf6 11. h3 Re8 12. Nh2 Nf8 13. Ng4 Bxg4 14. Qxg4 Ne6
15. Nc4 Nd4 16. Ne3 g6 17. g3 Bg7 18. Rae1 Rf8 19. Bxd4 cxd4 20. Ng2 Qc8 21.
Qxc8 Rfxc8 22. f4 f6 23. a4 b5 24. Ra1 c5 25. axb5 axb5 26. Kf2 c4 27. bxc4
bxc4 28. Rxa8 Rxa8 29. dxc4 Rc8 30. Rd1 Rxc4 31. Ne1 Bf8 32. fxe5 fxe5 33. Rd2
Bb4 34. Re2 Bxe1+ 35. Kxe1 Rc3 36. Kf2 Kf7 37. h4 0-1